[Event "ARG-ch sf U2300 Grau Memorial"]
[Site "Jesus Maria"]
[Date "2018.03.30"]
[Round "3.4"]
[White "Grosso, Rinaldo"]
[Black "Vazquez, Juan Carlos"]
[Result "1-0"]
[WhiteElo "1716"]
[BlackElo "1361"]
[PlyCount "55"]
[EventDate "2018.03.30"]
[EventType "swiss"]
[EventRounds "6"]
[EventCountry "ARG"]
[SourceTitle "EXT 2024"]
[Source "ChessBase"]
[SourceDate "2023.10.10"]
[SourceVersion "1"]
[SourceVersionDate "2023.10.10"]
[SourceQuality "1"]

1. e4 e5 2. Nf3 Nc6 3. Bc4 Bc5 4. c3 Nf6 5. d3 d6 6. Nbd2 0-0 7. Bb3 Be6 8. Nf1 Ng4 9. Be3 Nxe3 10. fxe3 Qf6 11. Qe2 Bxb3 12. axb3 Rfd8 13. Ng3 Qe6 14. d4 Bb6 15. d5 Qd7 16. dxc6 Qxc6 17. 0-0 Qe8 18. Kh1 Qe6 19. Ng5 Qg6 20. Rf5 f6 21. Nh3 Qf7 22. b4 c5 23. b5 d5 24. Rd1 Rd6 25. exd5 Rxd5 26. Rff1 Rad8 27. Nf5 Qd7 28. Rxd5 1-0